000 01735nam a2200409 a 4500
001 ebr10461211
003 CaPaEBR
006 m u
007 cr cn|||||||||
008 080129s2008 ne a sb 001 0 eng d
010 _z 2008004209
020 _z9789004165458 (hardback : alk. paper)
020 _z9004165452 (hardback : alk. paper)
020 _z9789047433026 (e-book)
040 _aCaPaEBR
_cCaPaEBR
035 _a(OCoLC)711004374
041 0 _aeng
_afre
043 _af-ua---
050 1 4 _aZ722.5
_b.W53 2008eb
082 0 4 _a027.032
_222
245 0 0 _aWhat happened to the ancient Library of Alexandria?
_h[electronic resource] /
_cedited by Mostafa El-Abbadi and Omnia Mounir Fathallah ; with a preface by Ismail Serageldin.
260 _aLeiden ;
_aBoston :
_bBrill,
_c2008.
300 _axx, 259 p. :
_bill.
490 1 _aLibrary of the written word. The manuscript world,
_x1874-4834 ;
_vv. 3. ;
_vv. 1
504 _aIncludes bibliographical references (p. [219]-240) and index.
533 _aElectronic reproduction.
_bPalo Alto, Calif. :
_cebrary,
_d2013.
_nAvailable via World Wide Web.
_nAccess may be limited to ebrary affiliated libraries.
546 _aIn English with 2 chapters in French.
610 2 0 _aAlexandrian Library.
650 0 _aLibraries
_zEgypt
_zAlexandria
_xHistory
_yTo 400.
655 7 _aElectronic books.
_2local
700 1 _aEl-Abbadi, Mostafa.
700 1 _aFathallah, Omnia Mounir.
710 2 _aebrary, Inc.
830 0 _aLibrary of the written word ;
_v3.
830 0 _aLibrary of the written word.
_pManuscript world ;
_vv. 1.
856 4 0 _uhttp://site.ebrary.com/lib/rucke/Doc?id=10461211
_zAn electronic book accessible through the World Wide Web; click to view
999 _c240752
_d240752